| 000 | 00345nam a2200145Ia 4500 | ||
|---|---|---|---|
| 008 | 230312s9999||||xx |||||||||||||| ||und|| | ||
| 020 | _a0-07-148560-0 | ||
| 082 |
_a005.5 _bHOL-M |
||
| 100 | _aWinsor;Janice | ||
| 245 | 0 | _aUnix Book of Games | |
| 260 |
_bMcGraw Hill _aUSA _c2007 |
||
| 300 | _a394 | ||
| 650 |
_aComputer _vComputer |
||
| 942 | _cBK | ||
| 999 |
_c15338 _d15338 |
||